Test z wiedzy o geografii - Statystyki

Ogólne statystyki
  • Ten quiz został rozwiązany 47 razy
  • Średni wynik to 4 z 6
Statystyki odpowiedzi
Zagadnienie Odpowiedź % Poprawnych
jaki kraj uzywa jezyk hindi? indie
88%
jakie panstwo nie ma 100 pkb z wymienionych sierra leone
83%
ile stanow ma usa 50
65%
które jest najmniejsze z podanych? malta
43%
ile państw jest w europie 46
38%
państwo które ma najwięcej wysp na świecie szwecja
38%
Nie znaleziono quizów pasujących do podanych kryteriów
Rozkład punktacji
Procent ludzi z każdym wynikiem
Percentyl według liczby udzielonych odpowiedzi
Twoja historia wyników
Nie rozwiązałeś tego quizu